000 00414nam a2200157Ia 4500
008 230711s9999||||xx |||||||||||||| ||und||
020 _a978-81-261-3425-0
041 _aENG
082 _a630
_bUP-S
100 _aUpadhyaya, R.C.
245 0 _aPrinciples and Practices in Spice Crops Cultivation
260 _c2008
_aNew Delhi
_bAnmol Publication(P) Ltd.
300 _a240p.
650 _aAgriculture
942 _cBK
999 _c7600
_d7600